| 000 | 00849nam a2200241Ia 4500 | ||
|---|---|---|---|
| 003 | GCL | ||
| 008 | 140319s9999 xx 000 0 ara d | ||
| 040 |
_aGCL / _cGCL |
||
| 082 | 0 | 4 |
_a327.11 _bم ا |
| 100 | 1 | _aحسن نافعة | |
| 245 | 1 | 0 |
_aازمة الخليج والنظام العالمى الجديد / _cحسن نافعة |
| 700 | 1 | _aسيرل، مارسيل | |
| 260 |
_aالقاهرة : _bمركز ابن خلدون للدراسات الانمائية ، _c1992 |
||
| 300 | _a205 ص | ||
| 490 |
_aسلسلة دراسات ازمة الخليج _v0 |
||
| 650 | 0 | 4 | _aالكويت |
| 650 | 0 | 4 | _aالاحوال السياسية |
| 650 | 0 | 4 | _aالعراق |
| 650 | 0 | 4 | _aالولايات المتحدة الامريكية |
| 650 | 0 | 4 | _aالشرق الاوسط |
| 650 | 0 | 4 | _aالنظام العالمى الحديث |
| 942 |
_2ddc _cBK |
||
| 999 |
_c27867 _d27867 |
||